| 000 | 01392nas1a2200277 4500 | ||
|---|---|---|---|
| 001 | RU\NLR\BIBL_A\021960002 | ||
| 005 | 20240729145547.0 | ||
| 035 | _a(NLR Aleph) 021960002 | ||
| 090 |
_a12315730 _c12315730 |
||
| 100 | _a20230607j19351204|||y0rusy5050 ca | ||
| 101 | 0 | _arus | |
| 102 | _aRU | ||
| 110 | _acyy | ||
| 200 | 1 |
_aБольшевистская смена _eОрган Аз[ово]-Чер[номорского] оргбюро ЦК ВЛКСМ и Ростовского ГК ВЛКСМ _eСпец. вып. [, посвящ стахановскому движению] _fОтв. ред. Гр. Динов |
|
| 207 | 1 | _a1935, 4 дек. | |
| 210 |
_aРостов-на-Дону _d1935 |
||
| 309 | _aТекст на одной стороне л. | ||
| 422 | 0 |
_1001RU\NLR\BIBL_A\012779105 _12001#$aБольшевистская смена _913117367 _aВЛКСМ. Ростовский-на-Дону городской комитет _cРостов-на-Дону _d1921 - 1952 _oОрган Ростовского ОК и ГК ВЛКСМ _tБольшевистская смена |
|
| 540 | 1 | _aБольшевистская смена | |
| 620 |
_aСССР _dРостов-на-Дону |
||
| 702 | 1 |
_aДинов _bГр. _4340 |
|
| 852 |
_aNLR _jР1343 пр. |
||
| 942 | _cNEWSPAPER | ||